01105nam a22002417a 4500999001500000003000900015008004100024040007100065082001700136100001600153245005600169260004800225300002500273505017500298650004000473650003700513650003500550700004200585942001600627945000800643952010300651952010900754  c2138d2138AR-CdUCM190304b           ||||| |||| 00| 0 spa d  aMUNICIPALIDAD PROVINCIAL DEL CUSCOcBIBLIOTECA MUNICIPAL DEL CUSCO  a372.1 /bF82  aFreud, Anna  aIntroducción al psicoanálisis para educadores /  aBuenos aires :bEditorial paidós, c1948.  a94 paginas ;c17 cm.  aContenido :La amnesia infantil y el complejo de Edipo -- La vida insitiva del niño -- El periodo de latencia -- Relaciones entre el psicoanálisis y la pedagogía ...  aPsicoanálisis y filosofía97707  aPsicoanálisis y cultura.97708  aPsicología política.97709  aRosenthal, Ludovico (traductor)97710  2ddccLIBROS  arum  002ddc4070aSHbSHcCARTd2019-03-04g5.00o372.1 / F82 / v.12pSH0000002733r2019-03-04yLIBROS  002ddc4070aSHbSHcCARTd2019-03-04g6.00o372.1 / F82 / v.12 / e.2pSH0000002734r2019-03-04yLIBROS